Managing acquisitions in library and information services, revised edition (Record no. 6581)
[ view plain ]
| 000 -LEADER | |
|---|---|
| fixed length control field | 00744nam a22002057a 4500 |
| 003 - CONTROL NUMBER IDENTIFIER | |
| control field | OSt |
| 005 - DATE AND TIME OF LATEST TRANSACTION | |
| control field | 20251129090231.0 |
| 008 - FIXED-LENGTH DATA ELEMENTS--GENERAL INFORMATION | |
| fixed length control field | 251129b |||||||| |||| 00| 0 eng d |
| 020 ## - INTERNATIONAL STANDARD BOOK NUMBER | |
| International Standard Book Number | 1-85604-496-3 |
| 040 ## - CATALOGING SOURCE | |
| Original cataloging agency | DWC-Main lib |
| Transcribing agency | OC |
| 082 ## - DEWEY DECIMAL CLASSIFICATION NUMBER | |
| Edition number | Revised edition |
| Classification number | Res. 025.2 C466 2004 |
| 100 ## - MAIN ENTRY--PERSONAL NAME | |
| Personal name | Chapman, L. |
| 245 ## - TITLE STATEMENT | |
| Title | Managing acquisitions in library and information services, revised edition |
| Statement of responsibility, etc. | Chapman, Liz |
| 250 ## - EDITION STATEMENT | |
| Edition statement | Revised edition |
| 260 ## - PUBLICATION, DISTRIBUTION, ETC. | |
| Place of publication, distribution, etc. | London : |
| Name of publisher, distributor, etc. | Facet Publishing, |
| Date of publication, distribution, etc. | c2004 |
| 300 ## - PHYSICAL DESCRIPTION | |
| Extent | v, 150 pages : |
| Dimensions | 23 cm. |
| 504 ## - BIBLIOGRAPHY, ETC. NOTE | |
| Bibliography, etc. note | Includes bibliographical references and index |
| 650 ## - SUBJECT ADDED ENTRY--TOPICAL TERM | |
| Source of heading or term | Acquisition (Libraries) |
| 942 ## - ADDED ENTRY ELEMENTS (KOHA) | |
| Source of classification or shelving scheme | Dewey Decimal Classification |
| Koha item type | Book- Reserved |
| Edition | Revised edition |
| Classification part | Res. 025.2 C466 2004 |
| Call number prefix | Res. |
| Suppress in OPAC | No |
| 952 ## - LOCATION AND ITEM INFORMATION (KOHA) | |
| -- | |
| Withdrawn status | Lost status | Source of classification or shelving scheme | Damaged status | Not for loan | Home library | Current library | Shelving location | Date acquired | Cost, normal purchase price | Total Checkouts | Full call number | Barcode | Date last seen | Copy number | Price effective from | Koha item type | Uniform Resource Identifier |
|---|---|---|---|---|---|---|---|---|---|---|---|---|---|---|---|---|---|
| Dewey Decimal Classification | College Library | College Library | Reserved | 09/01/2005 | 3655.00 | Res. 025.2 C466 2004 | CL42359 | 11/29/2025 | c1 | 11/29/2025 | BK-0 CIRC |